A propósito de la Humanae Vitae /

Збережено в:
Бібліографічні деталі
Автор: González Morfín, Adalberto (autor)
Формат: Книга
Мова:Іспанська
Опубліковано: México : Jus, 1969, c1969
Теги: Додати тег
Немає тегів, Будьте першим, хто поставить тег для цього запису!

MARC

LEADER 00000nam^a2200000^a^4500
001 000561681
005 20250521000000.0
009 20260310131928.832
037 |a Acervo ITESO - Biblioteca 
041 |a ESP 
091 |a FGM. 01591 
100 |a González Morfín, Adalberto  |e (autor) 
245 1 0 |a A propósito de la Humanae Vitae / 
264 4 |a México :  |b Jus,  |c 1969, c1969 
300 |a 85 p. 
336 |a texto  |b txt  |2 rdacontenido 
337 |a sin mediación  |b n  |2 rdamedio 
338 |a volumen  |b nc  |2 rdasoporte 
649 |a XX 
910 |a Fondo Efraín González Morfín 
920 |a Impresos - Libros 
930 |a Fondos Especiales 
905 |a 130 
901 |a 0500385848  |b IT2  |c ESL  |i D93623  |u 20250521 
901 |a 0500385875  |b IT2  |c ESL  |i D91286  |u 20250521 
902 |a https://opac.biblio.iteso.mx/vufind/Record/000561681